| 000 | 01029cam a2200277 a 4500 | ||
|---|---|---|---|
| 001 | 12453204 | ||
| 003 | ARRUPE | ||
| 005 | 20160203153610.0 | ||
| 008 | 010626s2000 enka b 001 0beng | ||
| 010 | _a 2001271579 | ||
| 020 | _a0192854070 | ||
| 040 |
_aDLC _cDLC _dDLC |
||
| 050 | 0 | 0 |
_aJC143.M4 _bS57 2000 |
| 082 | 0 | 0 |
_a320.1/092 _aB _221 |
| 100 | 1 |
_aSkinner, Quentin. _921565 |
|
| 245 | 1 | 0 |
_aMachiavelli : _ba very short introduction / _cQuentin Skinner. |
| 260 |
_aOxford ; _aNew York : _bOxford University Press, _c2000. |
||
| 300 |
_a110 p. : _bill. ; _c18 cm. |
||
| 440 | 0 |
_aVery short introductions ; _v31 _921566 |
|
| 500 | _a"For this new edition I have thoroughly revised my text and brought the bibliography up to date"--Pref. | ||
| 504 | _aIncludes bibliographical references (p. 101-106) and index. | ||
| 600 | 1 | 0 |
_aMachiavelli, Niccolò, _d1469-1527. _93238 |
| 906 |
_a7 _bcbc _corigcop _d2 _encip _f20 _gy-gencatlg |
||
| 942 |
_2lcc _cMONOGRAPH |
||
| 999 |
_c123956 _d123956 |
||